Statistiques concernant Quiz rappeurs Francais

Cliquez ici pour prendre le quiz!

Statistiques générales

  • Ce quiz a été pris 845 fois
  • Le résultat moyen est 32 sur 50

Statistiques - réponses

MusiqueRappeur% Correct
Tchikitajul
95%
La Kiffancenaps
95%
Réseauxniska
95%
Jefeninho
94%
Macarenadamso
93%
POPOPOPgambi
92%
Diegazo
92%
Freeze Raëlfreeze corleone
89%
Désaccordévald
88%
Amberzola
88%
Scarfacebooba
87%
Basiqueorelsan
87%
A7sch
87%
Zookaaris
86%
Meudatiakola
85%
Bolide Allemandsdm
82%
Emotifplk
81%
Madrinamaes
80%
Train De Viekoba la d
77%
Arrêt Du Coeurkalash criminel
76%
Macaronileto
76%
Galatéenekfeu
73%
Urusfave
72%
XSjosman
72%
La Vraie Vieda uzi
70%
Lifehamza
70%
Akimboziak
64%
Helsinkidinos
63%
Mauvais Payeurla feve
63%
A La Fêteuzi
62%
Sheguey 10gradur
58%
SpécialLaylow
57%
3 Singeswerenoi
57%
B3rk
54%
Philly Flingoalpha wann
53%
Freestyle 5min #8zkr
53%
Tokasofiane
52%
Babylonenepal
50%
Carton Rougelorenzo
49%
Bitchlefa
46%
Tout S'en Valuv resval
41%
Attendez-Moiguizmo
37%
Saborkerchak
35%
Pas Bêtebeendo z
33%
Petit coeur13 block
31%
Quand J'y Repensemig
28%
Fichudjango
24%
Carolinemc solaar
22%
Reste-Làgambino la mg
15%
La Ruefresh la douille
11%

Distribution des résultats

Percentile par nombre de réponses

% des personnes avec chaque résultat

Votre développement - résultats

Vous n’avez pas pris ce quiz